<?xml version="1.0" encoding="UTF-8"?><?xml-stylesheet type="text/xsl" href="static/style.xsl"?><OAI-PMH xmlns="http://www.openarchives.org/OAI/2.0/" xmlns:xsi="http://www.w3.org/2001/XMLSchema-instance" xsi:schemaLocation="http://www.openarchives.org/OAI/2.0/ http://www.openarchives.org/OAI/2.0/OAI-PMH.xsd"><responseDate>2026-04-27T21:44:17Z</responseDate><request verb="GetRecord" identifier="oai:uvadoc.uva.es:10324/65761" metadataPrefix="marc">https://uvadoc.uva.es/oai/request</request><GetRecord><record><header><identifier>oai:uvadoc.uva.es:10324/65761</identifier><datestamp>2025-02-18T11:14:13Z</datestamp><setSpec>com_10324_966</setSpec><setSpec>com_10324_952</setSpec><setSpec>com_10324_894</setSpec><setSpec>col_10324_967</setSpec></header><metadata><record xmlns="http://www.loc.gov/MARC21/slim" xmlns:doc="http://www.lyncode.com/xoai" xmlns:xsi="http://www.w3.org/2001/XMLSchema-instance" xmlns:dcterms="http://purl.org/dc/terms/" xsi:schemaLocation="http://www.loc.gov/MARC21/slim http://www.loc.gov/standards/marcxml/schema/MARC21slim.xsd">
<leader>00925njm 22002777a 4500</leader>
<datafield tag="042" ind1=" " ind2=" ">
<subfield code="a">dc</subfield>
</datafield>
<datafield tag="720" ind1=" " ind2=" ">
<subfield code="a">Sánchez Brizuela, Guillermo</subfield>
<subfield code="e">author</subfield>
</datafield>
<datafield tag="720" ind1=" " ind2=" ">
<subfield code="a">Santos Criado, Francisco Javier</subfield>
<subfield code="e">author</subfield>
</datafield>
<datafield tag="720" ind1=" " ind2=" ">
<subfield code="a">Sanz Gobernado, Daniel</subfield>
<subfield code="e">author</subfield>
</datafield>
<datafield tag="720" ind1=" " ind2=" ">
<subfield code="a">Fuente López, Eusebio de la</subfield>
<subfield code="e">author</subfield>
</datafield>
<datafield tag="720" ind1=" " ind2=" ">
<subfield code="a">Fraile Marinero, Juan Carlos</subfield>
<subfield code="e">author</subfield>
</datafield>
<datafield tag="720" ind1=" " ind2=" ">
<subfield code="a">Pérez Turiel, Javier</subfield>
<subfield code="e">author</subfield>
</datafield>
<datafield tag="720" ind1=" " ind2=" ">
<subfield code="a">Cisnal De La Rica, Ana</subfield>
<subfield code="e">author</subfield>
</datafield>
<datafield tag="260" ind1=" " ind2=" ">
<subfield code="c">2022</subfield>
</datafield>
<datafield tag="520" ind1=" " ind2=" ">
<subfield code="a">Medical instruments detection in laparoscopic video has been carried out to increase the&#xd;
autonomy of surgical robots, evaluate skills or index recordings. However, it has not been extended&#xd;
to surgical gauzes. Gauzes can provide valuable information to numerous tasks in the operating&#xd;
room, but the lack of an annotated dataset has hampered its research. In this article, we present&#xd;
a segmentation dataset with 4003 hand-labelled frames from laparoscopic video. To prove the&#xd;
dataset potential, we analyzed several baselines: detection using YOLOv3, coarse segmentation, and&#xd;
segmentation with a U-Net. Our results show that YOLOv3 can be executed in real time but provides&#xd;
a modest recall. Coarse segmentation presents satisfactory results but lacks inference speed. Finally,&#xd;
the U-Net baseline achieves a good speed-quality compromise running above 30 FPS while obtaining&#xd;
an IoU of 0.85. The accuracy reached by U-Net and its execution speed demonstrate that precise&#xd;
and real-time gauze segmentation can be achieved, training convolutional neural networks on the&#xd;
proposed dataset.</subfield>
</datafield>
<datafield tag="024" ind2=" " ind1="8">
<subfield code="a">Gauze Detection and Segmentation in Minimally Invasive Surgery Video Using Convolutional Neural Networks. Sensors 2022, 22, 5180</subfield>
</datafield>
<datafield tag="024" ind2=" " ind1="8">
<subfield code="a">https://uvadoc.uva.es/handle/10324/65761</subfield>
</datafield>
<datafield tag="024" ind2=" " ind1="8">
<subfield code="a">10.3390/s22145180</subfield>
</datafield>
<datafield tag="024" ind2=" " ind1="8">
<subfield code="a">5180</subfield>
</datafield>
<datafield tag="024" ind2=" " ind1="8">
<subfield code="a">14</subfield>
</datafield>
<datafield tag="024" ind2=" " ind1="8">
<subfield code="a">Sensors</subfield>
</datafield>
<datafield tag="024" ind2=" " ind1="8">
<subfield code="a">22</subfield>
</datafield>
<datafield tag="024" ind2=" " ind1="8">
<subfield code="a">1424-8220</subfield>
</datafield>
<datafield tag="245" ind1="0" ind2="0">
<subfield code="a">Gauze detection and segmentation in minimally invasive surgery video using convolutional Neural Networks</subfield>
</datafield>
</record></metadata></record></GetRecord></OAI-PMH>